000 004640000a22001690004500
003 LK-CoMWRAF
008 230817t ||||| |||| 00| 0 eng d
040 _aLK-CoMWRAF
_dLK-CoMWRAF
_eLK-CoMWRAF
041 _aeng
082 _a500.3
_bGEN
245 _aGeneral Documentation
_bFeminism in the Muslim world leadership institute Lagos,25th ofNov1999
260 _aNigeria
_bBAOBAB
_c1999
300 _ap.
650 _aNVI-material
650 _aWLUML
942 _cBK
999 _c3129
_d3129